| 000 | 00342nam a22001457a 4500 | ||
|---|---|---|---|
| 003 | OSt | ||
| 005 | 20160727222411.0 | ||
| 008 | 160624b xxu||||| |||| 00| 0 eng d | ||
| 040 | _cTest | ||
| 100 |
_91011 _aLewis, C.S |
||
| 245 | _aThe Magicians's Nephew | ||
| 260 |
_aEng _b Penquin _c1955 |
||
| 300 | _aThe Magicians's Nephew | ||
| 942 |
_2ddc _cBK |
||
| 999 |
_c805 _d805 |
||